Gráficas por computadora / John T. Demel y Michael J. Miller (Registro nro. 11982)
[ vista simple ]
| 000 -LÍDER | |
|---|---|
| fixed length control field | 00527nam a2200169 4500 |
| 008 - ELEMENTOS DE LONGITUD FIJA -- INFORMACIÓN GENERAL | |
| fixed length control field | 01984 1984 0a 000 0MEX |
| 020 ## - NÚMERO INTERNACIONAL NORMALIZADO PARA LIBROS | |
| ISBN | 968-422-302-1 |
| 050 ## - SIGNATURA TOPOGRAFICA DE LA BIBLIOTECA DEL CONGRESO (LC) | |
| Número de Clasificación | T358 D4418 |
| 082 ## - NUMERO DE CLASIFICACION DECIMAL DEWEY | |
| Número de Clasificación | 001.642 D359g |
| 100 ## - ASIENTO PRINCIPAL--NOMBRE PERSONAL | |
| Nombre personal | Demel, John T. |
| 245 ## - TÍTULO | |
| Título | Gráficas por computadora / John T. Demel y Michael J. Miller |
| 260 ## - PUBLICACIÓN, DISTRIBUCIÓN, ETC. (PIE DE IMPRENTA) | |
| Lugar de publicación, distribución, etc. | México : McGraw Hill |
| 300 ## - DESCRIPCIÓN FÍSICA | |
| Extensión | xiv, 435 p. / 24 cm. |
| 500 ## - NOTA GENERAL | |
| Nota general | Incluye índice y bibliografía |
| 650 ## - ASIENTO SECUNDARIO DE MATERIA - TERMINO TEMÁTICO | |
| Término temático o nombre geográfico como elemento de entrada | 1.GRAFICA POR COMPUTADORA |
| 700 ## - ASIENTO SECUNDARIO - NOMBRE PERSONAL | |
| Nombre personal | Escalona García, Roberto Luis, Tr. |
| No. biblioteca | No. biblioteca | Número de clasificación | Código de barras/Número de adquisición | Número de copia | Tipo de material |
|---|---|---|---|---|---|
| LUIS G. INCLAN | LUIS G. INCLAN | 001.642 D359g | 18104 | 8 | Libros |
| LUIS G. INCLAN | LUIS G. INCLAN | 001.642 D359g | 18105 | 9 | Libros |
| LUIS G. INCLAN | LUIS G. INCLAN | 001.642 D359g | 18106 | 10 | Libros |
| LUIS G. INCLAN | LUIS G. INCLAN | 001.642 D359g | 20650 | 16 | Libros |
| LUIS G. INCLAN | LUIS G. INCLAN | 001.642 D359g | 20651 | 17 | Libros |
| LUIS G. INCLAN | LUIS G. INCLAN | 001.642 D359g | 20652 | 18 | Libros |
| LUIS G. INCLAN | LUIS G. INCLAN | 001.642 D359g | 27050 | 19 | Libros |
| LUIS G. INCLAN | LUIS G. INCLAN | 001.642 D359g | 27051 | 20 | Libros |
| LUIS G. INCLAN | LUIS G. INCLAN | 001.642 D359g | 27052 | 21 | Libros |
| LUIS G. INCLAN | LUIS G. INCLAN | 001.642 D359g | 27053 | 22 | Libros |
| LUIS G. INCLAN | LUIS G. INCLAN | 001.642 D359g | 25251 | 23 | Libros |
| LUIS G. INCLAN | LUIS G. INCLAN | 001.642 D359g | 15259 | 2 | Libros |
| LUIS G. INCLAN | LUIS G. INCLAN | 001.642 D359g | 14331 | 1 | Libros |
| LUIS G. INCLAN | LUIS G. INCLAN | 001.642 D359g | 15260 | 3 | Libros |
| LUIS G. INCLAN | LUIS G. INCLAN | 001.642 D359g | 16912 | 4 | Libros |
| LUIS G. INCLAN | LUIS G. INCLAN | 001.642 D359g | 18103 | 7 | Libros |
| LUIS G. INCLAN | LUIS G. INCLAN | 001.642 D359g | 17880 | 5 | Libros |
